| 000 | 01035cab a22001935a 4500 | ||
|---|---|---|---|
| 001 | L157144 | ||
| 008 | 120910e2012 xxk 000 0 eng d | ||
| 035 | _a(Sirsi) u157144 | ||
| 041 | 0 | _aeng | |
| 100 | 1 | _aHatcher, David | |
| 245 | 0 | 0 |
_aMarkets _bWest Midlands |
| 260 | _c2012 | ||
| 490 | 0 |
_aProperty Week _v78(36) 7 September 2012, 49-58(6) |
|
| 520 | _aSurvey of recent activity in the West Midlands commercial property market: IBM is looking for an out-of-town campus of up to 200 000 sq ft for its new base between Birmingham and Milton Keynes; Birmingham's commercial property investment market could show rapid improvement in H2 2012; St Modwen is closing in on a number of retail and leisure tenants for the first phase of its Longbridge town centre scheme; West Midlands industrial market is suffering from dearth of good stock; and the second phase of Nikal's Masshouse development on Birminham's Eastside is revealed. | ||
| 590 | _aKA | ||
| 651 | 4 | _aWest Midlands | |
| 690 |
_aCommercial property _96227 |
||
| 942 | _n0 | ||
| 999 |
_c84268 _d84268 |
||